00990cam a22003137a 4500003000500000005001700005008004100022010001000063011001000073020001500083035001000098040000900108082002300117110000800140245014200148260002400290300002000314410000800334490008000342650002600422650002800448650003000476700002300506700002000529700002200549700001700571810000800588830008000596CHAP20220817043550.0990805d1997 it a rn 00110 eng d a78642 a79614 a9251037418 a89977 cCHAP04a639.309688bF3 v.82 aFAO10aLiving marine resources of Kuwait, Eastern Saudi Arabia, Bahrain, Qatar, and the United Arab Emiratesc/by Kent E. Carpenter (and others) aRome :bFAO,c1997. a293 p. :bilus.2 aFAO 0aGuía para la identificación de especies para los fines de la pescav; 814aFauna marinaxArabia.14aPecesxClasificación.14aRecursos marinosxArabia.0 aCarpenter, Kent E.0 aJones, David A.0 aKrupp, Friedhelm.0 aZajonz, Uwe.0 aFAO0 aGuía para la identificación de especies para los fines de la pescav; 8